| 000 | | | 03968cmc2a22002052x 450 |
| 001 | | | b33464f2-4bc4-41e3-b4bc-525e855f0eb0 |
| 005 | | | 20230522132616.0 |
| 100 | ## | $a | 20151211l18801901k l0rusy0189 ca |
| 101 | 0# | $a | rus |
| 102 | ## | $a | RU |
| 200 | 1# | $a | Дела разряда общих дел Министерства народного просвещения |
| | $j | 1880-1901 гг. |
| 215 | ## | $a | 1660 единиц хранения |
| 251 | ## | $c | Опись |
| 327 | ## | $a | В описи представлены дела разряда общих дел: о составлении отчетов по Министерству народного просвещения и учебным округам, о ревизиях учебных заведений, штатах их, об участии Министерства народного просвещения в выставках в России и за границей, о публичных лекциях, рассмотрении Ученым комитетом разных книг, о пособиях на издания книг и журналов (в том числе зарубежным славянам), об издании учебников, памятных книжек, "Журнала Министерства народного просвещения", об уставах различных обществ, о правах по образованию при отбывании воинской повинности, о строительных работах в зданиях учебных заведений и по другим вопросам; циркуляры Министерства народного просвещения |
| 371 | ## | $a | Документ не является опубликованным и широко распространяемым |
| 461 | #0 | $1 | 001a74412a3-3cc5-4d21-8f0a-dfe2fbd9e72d |
| | $1 | 2001 |
| | $a | Департамент народного просвещения Министерства народного просвещения |
| | $v | Оп. 194 |
| | $1 | 251 |
| | $c | Фонд |
| | $1 | 852 |
| | $j | 733 |
| 801 | #0 | $a | RU |
| | $b | РГИА |
| | $c | 20151211 |
| 801 | #1 | $a | RU |
| | $b | ГлавНИВЦ |
| | $c | 20151211 |
| | $2 | rusmarc |
| 801 | #2 | $a | RU |
| | $b | ПБ им. Б.Н. Ельцина |
| | $c | 20210901 |
| | $g | RCR |
| | $2 | rusmarc |
| 850 | ## | $a | Федеральное казенное учреждение "Российский государственный исторический архив" |
| 852 | ## | $a | РГИА |
| | $j | 194 |
| 937 | ## | $h | РГИА |
| | $d | 9084691 |
| | $a | ASBIBLIO_SCAN |
| 035 | ## | $a | RusGRCC00027244 |
| 856 | ## | $u | http://readingroom.main.prlib.ru/item.aspx?id_node=n167877131&mode=full |
| 122 | 2# | $a | d1881###### |
| | $a | d1901###### |
| 300 | ## | $a | Название описи на сайте РГИА: 1880-1901 гг. |
| 517 | 1# | $a | 1880-1901 гг. |